| 000 | 01445cam a22002174a 4500 | ||
|---|---|---|---|
| 005 | 20250605164044.0 | ||
| 008 | 250528s ||||||||||||||||||||||||d | ||
| 035 | _a17081 | ||
| 020 | _a471111228 | ||
| 040 |
_aGR-AtMCL _bgre _dGR-AtMCL _eAACR2 |
||
| 245 | 1 | _aAbnormal Psychology / Seventh Edition | |
| 250 | _a7th | ||
| 260 |
_bJohn Wiley & Sons, Ltd, _c1997 |
||
| 300 | _a774 | ||
| 520 | _aThe book covers all topics relevant to abnormal psychology, stays current and accurate, and remains easy to read. Introduction and Basic Issues, Introduction: Historical and Scientific Considerations, Current Paradigms in Psychopathology and Therapy, Classification and Diagnosis, Clinical Assessment Procedures, Research Methods in the Study of Abnormal Behavior, Psychological Disorders, Anxiety Disorders, Somatoform and Dissociative Disorders, Psychophysiological Disorders and Health Psychology, Eating Disorders, Mood Disorders, Schizophrenia, Sustance-Related Disorders, Personality Disorders, Sexual and Gender Identity Disorders, Life-Span Developmental Disorders, Disorders of Childhood, Aging and Psychological Disorders, Intervention and Legal and Ethical Issues, Insight Therapies, Cognitive and Behavior Therapies, Group and Couples and Family Therapy and Community Psychology, Legal and Ethical Issues. | ||
| 700 | 1 |
_aDavison Gerald C _93215 |
|
| 700 | 1 |
_aNeale John M _93216 |
|
| 942 | _cBK | ||
| 999 |
_c2521 _d2521 |
||